000 00347nam a2200157Ia 4500
999 _c6077
_d6077
003 OSt
005 20191005150708.0
008 190906s9999||||xx |||||||||||||| ||und||
020 _a978-0073126630
040 _cmaju
100 _a McConnell, Brue
245 0 _aEconomics
260 _aUSA
_bFamous Books
_c1996
300 _a883
942 _cBK
_2ddc